Mechanical Engineering Design (Record no. 1158)

000 -LEADER
fixed length control field 00411nam a2200145 4500
008 - FIXED-LENGTH DATA ELEMENTS--GENERAL INFORMATION
fixed length control field 200110b ||||| |||| 00| 0 eng d
082 00 - DEWEY DECIMAL CLASSIFICATION NUMBER
Classification number 621.815
Item number S5555
100 ## - MAIN ENTRY--PERSONAL NAME
9 (RLIN) 744
Personal name Shigley, Joseph Edward
245 10 - TITLE STATEMENT
Title Mechanical Engineering Design
250 ## - EDITION STATEMENT
Edition statement 2nd ed.
260 ## - PUBLICATION, DISTRIBUTION, ETC. (IMPRINT)
Place of publication, distribution, etc Tokyo
Name of publisher, distributor, etc McGraw-Hill Kogakusha
Date of publication, distribution, etc 1972
300 ## - PHYSICAL DESCRIPTION
Extent xii, 753 p.
650 #0 - SUBJECT ADDED ENTRY--TOPICAL TERM
Topical term or geographic name as entry element Machine Design
942 ## - ADDED ENTRY ELEMENTS (KOHA)
Source of classification or shelving scheme
Item type Books
Holdings
Withdrawn status Lost status Source of classification or shelving scheme Damaged status Not for loan Permanent location Current location Date acquired Full call number Barcode Date last seen Koha item type Source of acquisition Cost, replacement price
          IMU Kolkata IMU Kolkata 1974-03-13 621.815 S5555 04098 2020-01-10 Books    
          IMU Kolkata IMU Kolkata 1974-03-13 621.815 S5555 04099 2020-01-10 Books    
          IMU Kolkata IMU Kolkata 1974-06-21 621.815 S5555 04110 2020-01-10 Books    
          IMU Kolkata IMU Kolkata 2020-01-28 621.815 S5555 04567 2020-01-28 Books    
          IMU Kolkata IMU Kolkata 2002-03-27 621.815 S5555 09310 2020-02-07 Books Jyoti, the Book People 329.00
Designed and Maintained by IMU-KC Library, Kolkata Campus © Copyright All Rights Reserved

webs counters

Powered by Koha